[Pavol Winczer: Literatúra v hl'adani čitatel'a (20. roky: Karel Čapek, Il'ja Erenburg)]
| Titel: | [Pavol Winczer: Literatúra v hl'adani čitatel'a (20. roky: Karel Čapek, Il'ja Erenburg)] / Gertraude Zand |
|---|---|
| Verfasser: | |
| In: |
Zeitschrift für slavische Philologie, Band 70, Heft 2 (2014), Seite 424-431 alle Artikel anzeigen |
| Veröffentlicht: | 2014 |
| Format: | Aufsatz |
| Sprache: | Deutsch |
X
alg: 42653915
001A $03025:20-02-18
001B $01999:27-07-21 $t17:20:04.000
001C $03025:20-02-18 $t10:05:14.000
001D $03025:20-02-18
001U $0utf8
001X $00
002@ $0Oou
002C $aText $btxt $2rdacontent
002D $aComputermedien $bc $2rdamedia
002E $aOnline-Ressource $bcr $2rdacarrier
003@ $042653915X
007A $042653915X $aHEB
009Q $uhttp://www.jstor.org/stable/43974103 $xH
010@ $ager
010E $erda
011@ $a2014
013D $#Newspapers Sections, columns, etc. Reviews $#Book reviewing $#Journaux Cahiers, chroniques, etc. Comptes rendus $#Livres Recension $#Rezension $#Buchbesprechung $#Buchrezension $#Buchkritik $74049712-4 $8Rezension [Ts1] $9085138568
021A $a[Pavol Winczer: Literatúra v hl'adani čitatel'a (20. roky: Karel Čapek, Il'ja Erenburg)] $hGertraude Zand
028A $BVerfasser $#Zandová, Gertraude $4aut $7120378590 $8Zand, Gertraude$Z1964- [Tp3] $9151989915
031A $d70 $e2 $h424-431 $j2014
039B $aEnthalten in $8--Obvc--. Zeitschrift für slavische Philologie. - Heidelberg : Winter, 1925-. - Online-Ressource. - ISSN 2509-7482 $x201400000700002576 $9359201768
039T $8--Aay--Winczer, Pavol$Z1935-2014 [Tp1]. Literatúra v hľadaní čitateľa. - Vyd. 1. - Bratislava : VEDA {[u.a.], 2013. - 192 S.. - ISBN 978-80-224-1330-5 $9337075425
045F $a900.94371 $eDDC23BSB
045F/01 $a900
045F/03 $g4371
045T $aSLAW $qDE-1a $2FID
lok: 42653915 78
exp: 42653915 78 1 #EPN
201B/01 $020-02-18 $t10:05:07.000
201C/01 $020-02-18
201U/01 $0utf8
203@/01 $01018324216
208@/01 $a20-02-18 $be
209A/01 $a/ $f000 $x00
209A/01 $ab*p $x01
220C/01 $apgar
244Z/01 $#Böhmische Kronländer $#Länder der Böhmischen Krone $#Sudetenland $#Böhmen $#Mähren $#Mährisch-Schlesien $#Österreichisch-Schlesien $#Tschechische Sozialistische Republik Böhmische Länder $#Tschechei Böhmische Länder $#Země koruny české $74069573-6 $8--Tg1--Böhmische Länder $x01 $9085195553
247C/01 $82080>Marburg/Lahn, Herder-Institut, Forschungsbibliothek, Bibliographieportal $9336309341
| LEADER | 00000caa a2200000 c 4500 | ||
|---|---|---|---|
| 001 | 42653915X | ||
| 003 | DE-603 | ||
| 005 | 20210727172004.0 | ||
| 007 | cr|||||||||||| | ||
| 008 | 180220s2014 xx |||| o| u00||u|ger c | ||
| 035 | |a (DE-599)HEB42653915X | ||
| 040 | |a DE-603 |b ger |c DE-603 |d DE-603 |e rda | ||
| 041 | |a ger | ||
| 082 | 0 | 4 | |8 1\u |a 900.94371 |q DE-101 |2 23/BSB |
| 084 | |a SLAW |q DE-1a |2 fid | ||
| 085 | |8 1\u |b 900 | ||
| 085 | |8 1\u |z 2 |s 4371 | ||
| 100 | 1 | |a Zand, Gertraude |d 1964- |e Verfasser |4 aut |0 (DE-603)151989915 |0 (DE-588)120378590 |2 gnd | |
| 245 | 0 | 0 | |a [Pavol Winczer: Literatúra v hl'adani čitatel'a (20. roky: Karel Čapek, Il'ja Erenburg)] |c Gertraude Zand |
| 264 | 0 | |c 2014 | |
| 336 | |a Text |b txt |2 rdacontent | ||
| 337 | |a Computermedien |b c |2 rdamedia | ||
| 338 | |a Online-Ressource |b cr |2 rdacarrier | ||
| 655 | 7 | |a Rezension |2 gnd-content |0 (DE-588)4049712-4 |0 (DE-603)085138568 | |
| 773 | 0 | 8 | |i Enthalten in |t Zeitschrift für slavische Philologie |d Heidelberg : Winter, 1925- |h Online-Ressource |x 2509-7482 |g Band 70, Heft 2 (2014), Seite 424-431 |w (DE-603)359201768 |w (DE-600)2821808-5 |
| 787 | 0 | 8 | |i Rezension von |a Winczer, Pavol, 1935-2014 |t Literatúra v hľadaní čitateľa |b Vyd. 1 |d Bratislava : VEDA [u.a.], 2013 |h 192 S. |z 9788022413305 |w (DE-603)337075425 |
| 856 | |u http://www.jstor.org/stable/43974103 |x Verlag | ||
| 924 | 1 | |9 2080 |a (DE-603)1018324216 |b DE-2080 |c HES |d d |g / | |


